K problémům ekologizace daňové soustavy v ČR

Požiadavky na ekologizáciu daňovej sústavy v ČR. Príklad dopravy. Ekologické prvky v daňovej sústave ČR (daň z pridanej hodnoty, dane z príjmov, dane z nehnuteľností, dane z dedičstva, darovacie a z prevodu nehnuteľností). Pracovný návrh ekologických daní.

Saved in:
Bibliographic Details
Main Author: Zeman, J.
Format: Book Chapter
Language:Czech
Subjects:
Tags: Add Tag
No Tags, Be the first to tag this record!

MARC

LEADER 00000naa a2200000 4500
001 r017061
005 20221205090233.3
041 0 |a cze 
044 |a CZ 
245 1 0 |a K problémům ekologizace daňové soustavy v ČR  |c J. Zeman 
520 |a Požiadavky na ekologizáciu daňovej sústavy v ČR. Príklad dopravy. Ekologické prvky v daňovej sústave ČR (daň z pridanej hodnoty, dane z príjmov, dane z nehnuteľností, dane z dedičstva, darovacie a z prevodu nehnuteľností). Pracovný návrh ekologických daní. 
610 2 0 |a sústava daňová 
610 2 0 |a dane 
610 2 0 |a ekologizácia 
610 2 0 |a Česko 
610 2 0 |a poplatky 
610 2 0 |a dane z hodnoty pridanej 
610 2 0 |a dane z príjmov 
610 2 0 |a dane z nehnuteľností 
610 2 0 |a dane z dedičstva 
610 2 0 |a ochrana prostredia životného 
100 1 |a Zeman, J.